AES Encryptor/ Decryptor on FPGA / (Record no. 210863)

000 -LEADER
fixed length control field 00460 a2200169 4500
003 - CONTROL NUMBER IDENTIFIER
control field NUST
005 - DATE AND TIME OF LATEST TRANSACTION
control field 20251024100556.0
040 ## - CATALOGING SOURCE
Transcribing agency Nust
082 ## - DEWEY DECIMAL CLASSIFICATION NUMBER
Classification number 621.382,NAW
100 ## - MAIN ENTRY--PERSONAL NAME
Personal name Nawaz, Maj Babar
9 (RLIN) 131504
245 ## - TITLE STATEMENT
Title AES Encryptor/ Decryptor on FPGA /
Statement of responsibility, etc. Maj Babar Nawaz, Capt Muhammad Bilal , Capt Khurram Riaz
260 ## - PUBLICATION, DISTRIBUTION, ETC.
Place of publication, distribution, etc. Rawalpindi
Name of publisher, distributor, etc. MCS (NUST)
Date of publication, distribution, etc. 2013
300 ## - PHYSICAL DESCRIPTION
Extent x,52 p;
650 ## - SUBJECT ADDED ENTRY--TOPICAL TERM
Topical term or geographic name entry element UG Project
9 (RLIN) 131132
651 ## - SUBJECT ADDED ENTRY--GEOGRAPHIC NAME
Geographic name TE-46
9 (RLIN) 131505
942 ## - ADDED ENTRY ELEMENTS (KOHA)
Koha item type Project Report
Source of classification or shelving scheme
Holdings
Withdrawn status Lost status Source of classification or shelving scheme Damaged status Not for loan Permanent Location Current Location Shelving location Date acquired Full call number Barcode Date last seen Price effective from Koha item type Public note
          Military College of Signals (MCS) Military College of Signals (MCS) Reference 12/12/2016 621.382,NAW MCSPTE-212 12/08/2016 12/12/2016 Project Report Almirah No.90, Shelf No.4
© 2023 Central Library, National University of Sciences and Technology. All Rights Reserved.